| 000 | 00566nam a2200193 a 4500 | ||
|---|---|---|---|
| 001 | 2512 | ||
| 003 | CDMR | ||
| 005 | 20131014110556.0 | ||
| 008 | 130130s1978||||||||||||||||||||||||||||d | ||
| 020 | _a8431305673 | ||
| 040 |
_aCDMR _bcat _cCDMR |
||
| 100 | 1 |
_aCasado Velarde, Manuel _91884 |
|
| 245 | 1 | 0 |
_aLenguaje e ideología _b: estudio de "Diario Libre" _cManuel Casado Velarde |
| 260 |
_aPamplona _c1978 _bEdiciones Universidad de Navarra |
||
| 300 | _a220 p. | ||
| 490 | 0 |
_aCiencias de la información _v31 |
|
| 650 | 0 | 4 |
_92326 _aPremsa i llenguatge |
| 942 |
_cMON _2udc |
||
| 999 |
_c2512 _d2512 |
||